स्मृति-चित्रे - ४ (Record no. 492456)

MARC details
000 -LEADER
fixed length control field 00556nam a22001817a 4500
003 - CONTROL NUMBER IDENTIFIER
control field OSt
005 - DATE AND TIME OF LATEST TRANSACTION
control field 20120302150553.0
008 - FIXED-LENGTH DATA ELEMENTS--GENERAL INFORMATION
fixed length control field 090718t xxu||||| |||| 00| 0 eng d
035 ## - SYSTEM CONTROL NUMBER
System control number ८०६२
040 ## - CATALOGING SOURCE
Transcribing agency मराठी
100 ## - MAIN ENTRY--PERSONAL NAME
Personal name टिळक, लक्ष्मीबाई
9 (RLIN) 7532
245 ## - TITLE STATEMENT
Title स्मृति-चित्रे - ४
250 ## - EDITION STATEMENT
Edition statement २ री
260 ## - PUBLICATION, DISTRIBUTION, ETC. (IMPRINT)
Place of publication, distribution, etc मुंबई
Name of publisher, distributor, etc ढवळे
Date of publication, distribution, etc १९५७
300 ## - PHYSICAL DESCRIPTION
Other physical details १५८ पाने
700 ## - ADDED ENTRY--PERSONAL NAME
Personal name टिळक, देवदत्त
9 (RLIN) 7533
942 ## - ADDED ENTRY ELEMENTS (KOHA)
Source of classification or shelving scheme Dewey Decimal Classification
Koha item type Book
Holdings
Withdrawn status Lost status Source of classification or shelving scheme Damaged status Not for loan Home library Current library Date acquired Cost, normal purchase price Total Checkouts Full call number Barcode Date last seen Price effective from
    Dewey Decimal Classification     Dr. Bedekar Vidya Mandir Library Dr. Bedekar Vidya Mandir Library 07/18/2009 0.00   M 920.72/ TIL 8062 03/19/2010 03/19/2010